| 000 | 00553nam a2200205Ia 4500 | ||
|---|---|---|---|
| 005 | 20250326142554.0 | ||
| 008 | 250326s9999 xx 000 0 und d | ||
| 020 | _a0-205-13230-8 | ||
| 037 | _aTextbook | ||
| 040 |
_aFMSL _beng _cFMSL |
||
| 041 |
_aeng _2eng |
||
| 084 |
_aX:8D.1 N2 _qFMSL |
||
| 100 |
_aShapiro A C _9738109 |
||
| 245 | 0 |
_aMultinational ficial management _cShapiro A C |
|
| 250 | _a4 | ||
| 260 |
_aBoston _bBoston, Allyn and Bacon _c1992 |
||
| 300 | _axix,729 | ||
| 942 |
_cTB _hX:8D.1 N2 |
||
| 999 |
_c1295647 _d1295647 |
||